00471 a2200097 4500001001000000005001700010008004100027245017700068100002400245773010400269ART_4973520260410161936.0260409a 10aLos recursos del tesoro nacional en la Constitución Argentina. Limitaciones en razón de la unidad nacional. Empréstitos. Crisis del federalismo. Limitaciones globales1 aReig, Enrique Jorge0 tAnales de la Academia Nacional de Ciencias Económicasg- Vol. XXXVI, (1991) (ene. 1993)wREV25596